000 00425nam a2200145 a 4500
001 000032133
005 20200930063446.0
008 110713s2004 dr a 000 0 spa d
040 _aDO-SdBNP
_bspa
_cBNPHU
082 _axx
_bxx
245 0 0 _aJornada 1 :
_bel pasado.
260 _a[Santo Domingo]. :
_b[Instituto Agrario Dominicano (IAD)],
_c[198-?].
300 _a[16] p. ; :
_bil., ;
_c22 cm.
590 _aInventariado, 2019/VM
999 _c31624
_d31624